MARC
|
|
|
|
| LEADER |
00000naa2a2200000 4500 |
| 001 |
381148 |
| 005 |
20241014145846.0 |
| 035 |
|
|
|a (RuTPU)RU\TPU\prd\3334
|
| 090 |
|
|
|a 381148
|
| 100 |
|
|
|a 20020422a2002 k y0rusy50 ca
|
| 101 |
0 |
|
|a rus
|
| 102 |
|
|
|a RU
|
| 200 |
1 |
|
|a Изгой
|
| 225 |
1 |
|
|a Былое
|
| 461 |
|
1 |
|0 (RuTPU)RU\TPU\prd\1710
|x 0235-7089
|t Родина
|o исторический иллюстрированный журнал
|f Российская Федерация, Президент, Администрация
|d 1989-
|
| 463 |
|
1 |
|0 (RuTPU)RU\TPU\prd\1916
|t № 1
|v С. 37-41
|d 2002
|
| 600 |
|
1 |
|a Романов
|b Николай Константинович
|
| 602 |
|
|
|a Романовы
|f 1613-1917
|c боярский род, царская фамилия с 1613, императорская фамилия с 1721 по 1917
|9 200
|
| 610 |
1 |
|
|a царский племянник
|
| 610 |
1 |
|
|a императорская семья
|
| 700 |
|
1 |
|a Корнеев
|b В.
|g Владимир
|
| 801 |
|
1 |
|a RU
|b 63413507
|c 20020422
|g PSBO
|
| 801 |
|
2 |
|a RU
|b 63413507
|c 20140218
|g PSBO
|
| 942 |
|
|
|c BK
|